000 00936cam a2200289 a 4500
001 4869592
003 OSt
005 20250901165803.0
008 920715s1992 nyu 000 1 eng
010 _a 92028062
020 _a0671743066 :
_c$22.00 ($27.50 Can.)
040 _aDLC
_cDLC
_dOCoLC
043 _an-us-la
050 0 0 _aPS3563.C3345 G66 1992
_bG66 1992
082 0 0 _a813/.54
_220
100 1 _aMcCammon, Robert R.
245 1 0 _aGone South /
_cRobert R. McCammon.
260 _aNew York :
_bPocket Books,
_cc1992.
300 _a359 p. ;
_c25 cm.
650 0 _aFugitives from justice
_xFiction.
651 0 _aLouisiana
_xFiction.
655 7 _aAdventure stories.
_2gsafd
655 7 _aDetective and mystery stories.
_2gsafd
906 _a7
_bcbc
_corignew
_d1
_eocip
_f19
_gy-gencatlg
942 _2lcc
_cBK
999 _c9228
_d9228